লোডিং...

Pearson general knowledge manual 2014

গ্রন্থ-পঞ্জীর বিবরন
প্রধান লেখক: Thorpe, Edgar
অন্যান্য লেখক: Thorpe, Shorwick
বিন্যাস: Printed Book
ভাষা:English
প্রকাশিত: Delhi Pearson 2014
বিষয়গুলি:
LEADER 00661 a2200181 4500
005 20151026133331.0
008 140328b xxu||||| |||| 00| 0 eng d
020 |a 9789332511477 
080 |a 001(035)  |b THO"2014" R 
100 |a Thorpe, Edgar   |9 10424 
245 |a Pearson general knowledge manual 2014  |c Edgar Thorpe and Showick Thorpe 
260 |c 2014  |b Pearson  |a Delhi 
300 |a Various pagination 
653 |a General knowledge - Competitive exams 
700 |a Thorpe, Shorwick 
942 |c BK  |6 _ 
999 |c 68533  |d 68533 
952 |0 0  |1 0  |2 udc  |4 0  |6 001035_THO2014R  |7 0  |9 80642  |a UL  |b UL  |d 2014-01-19  |g 0.00  |o 001(035) THO"2014" R  |p 00071251  |r 2014-03-10  |v 0.00  |w 2014-01-19  |y BK